| 000 | 01387nam a2200421 a 4500 | ||
|---|---|---|---|
| 001 | 21720 | ||
| 003 | CZ PrNK | ||
| 005 | 20260309102823.0 | ||
| 007 | ta | ||
| 008 | 130509s2012 xr a b 000 j slo | ||
| 015 | _acnb002462875 | ||
| 020 |
_a9788025224014 _q(váz.) |
||
| 035 | _a(OCoLC)847728864 | ||
| 040 |
_aOLA001 _bcze _dABA001 |
||
| 041 | 1 |
_aslo _heng |
|
| 072 | 7 |
_a821-93 _xLiteratura pro děti a mládež (beletrie) _2Konspekt |
|
| 080 |
_a821-32 _2MRF |
||
| 080 |
_a821-93 _2MRF |
||
| 080 |
_a(0:82-32) _2MRF |
||
| 100 | 1 |
_aHapka, Cathy _4aut |
|
| 245 | 1 | 0 |
_aNarodeninové čítanie / _cnapísala Catherine Hapka ; ilustrácie Disney Storybook Artists ; [preklad Eva Krupová] |
| 250 | _a1. vyd. | ||
| 260 |
_aV Prahe : _bEgmont, _c2012 |
||
| 300 |
_a32 s. : _bbarev. il. ; _c30 cm |
||
| 490 | 1 | _aDisney. Macko Puf. Príbehy o priateľstve | |
| 500 | _aPřeloženo z angličtiny? | ||
| 500 | _aZpracováno na základě knihy A.A. Milnea a E.H. Sheparda Winnie the Pooh | ||
| 655 | 7 |
_apříběhy _2czenas |
|
| 655 | 7 |
_apublikace pro děti _2czenas |
|
| 655 | 9 |
_astories _2eczenas |
|
| 655 | 9 |
_achildren's literature _2eczenas |
|
| 710 | 2 | _aDisney Storybook Artists | |
| 765 | 0 | _tOwl's reading lessons! | |
| 830 | 0 |
_aDisney. _pMacko Puf. _pPríbehy o priateľstve |
|
| 901 |
_b9788025224014 _f1. vyd. _o20130522 |
||
| 910 | _aABA001 | ||
| 942 |
_2ddc _cKLDE _n0 |
||
| 999 |
_c21720 _d21720 |
||